Linear programming (Record no. 7648)
[ view plain ]
| 000 -LEADER | |
|---|---|
| fixed length control field | 00395 a2200145 4500 |
| 040 ## - CATALOGING SOURCE | |
| Original cataloging agency | DLC |
| Language of cataloging | DLC |
| 082 ## - DEWEY DECIMAL CLASSIFICATION NUMBER | |
| Classification number | 519.76 |
| 100 ## - MAIN ENTRY--PERSONAL NAME | |
| Personal name | Hadley, G. |
| 9 (RLIN) | 39120 |
| 245 ## - TITLE STATEMENT | |
| Title | Linear programming |
| Statement of responsibility, etc. | G, Hadley. |
| 260 ## - PUBLICATION, DISTRIBUTION, ETC. | |
| Place of publication, distribution, etc. | Islamabad : |
| Name of publisher, distributor, etc. | National Book Foundation. |
| Date of publication, distribution, etc. | 2007. |
| 300 ## - PHYSICAL DESCRIPTION | |
| Extent | 520 p. : |
| Other physical details | ill. |
| Dimensions | 24 cm. |
| 500 ## - GENERAL NOTE | |
| General note | Includes Index |
| 650 ## - SUBJECT ADDED ENTRY--TOPICAL TERM | |
| Topical term or geographic name entry element | Linear programming. |
| 9 (RLIN) | 10838 |
| 942 ## - ADDED ENTRY ELEMENTS (KOHA) | |
| Koha item type | Book |
| Call number prefix | 519.76 HAD |
| Source of classification or shelving scheme | |
| Withdrawn status | Lost status | Damaged status | Not for loan | Collection code | Permanent Location | Current Location | Shelving location | Date acquired | Source of acquisition | Cost, normal purchase price | Total Checkouts | Total Renewals | Full call number | Barcode | Date last seen | Date last checked out | Price effective from | Koha item type |
|---|---|---|---|---|---|---|---|---|---|---|---|---|---|---|---|---|---|---|
| Central Library (CL) | Central Library (CL) | General Stacks | 12/03/2007 | Donation | 0.00 | 1 | 1 | 519.76 HAD | SEECS004922 | 01/11/2019 | 03/07/2015 | 01/05/2017 | Book | |||||
| Central Library (CL) | Central Library (CL) | General Stacks | 12/03/2007 | Donation | 0.00 | 519.76 HAD | SEECS004924 | 01/11/2019 | 01/05/2017 | Book | ||||||||
| Central Library (CL) | Central Library (CL) | General Stacks | 12/03/2007 | Donation | 0.00 | 519.76 HAD | SEECS004925 | 01/11/2019 | 01/05/2017 | Book | ||||||||
| Central Library (CL) | Central Library (CL) | General Stacks | 12/03/2007 | Donation | 0.00 | 519.76 HAD | SEECS004923 | 01/11/2019 | 01/05/2017 | Book |
